000
00207nam a22000857a 4500
008
161208b xxu||||| |||| 00| 0 eng d
100
_9
1948
_a
Mehta.N.
245
_a
Cakes & Cookies
260
_a
New Delhi
_b
Snas
_c
2011
999
_c
4735
_d
4735